00461nam a2200157 a 450000100100000000500170001000800410002702000150006804000250008308200200010810000190012824500790014725000110022626000380023730000280027500003638620200930075713.0120116s1988 ag a 000 0 spa d a9500202492 aDO-SdBNPbspacBNPHU axxxbG196f 19881 aGandsas, Mario10aFundamentos de enfermeria quirurgica e instrumentación /cMario Gandsas. a4a ed. aBuenos Aires :bEl Ateneo,c1988. a560 p. :bil. ;c23 cm.